| 000 | 01156nam a2200325Ia 4500 | ||
|---|---|---|---|
| 001 | 22556 | ||
| 003 | IT-RoPAU | ||
| 008 | 130308s9999 xx 000 0 und d | ||
| 040 | _aIT-RoPAU | ||
| 040 | _cIT-RoPAU | ||
| 041 | _aITALIANO | ||
| 100 | _aStefani Gino | ||
| 100 | _gCodice Aut. SPICS: 1035 | ||
| 245 | _aMusica (volume + album) | ||
| 245 | _bMusica (Volume + Album) | ||
| 250 | _a1a ed. | ||
| 260 | _aMILANO | ||
| 260 | _bMondadori | ||
| 260 | _c1983 [1° Ed.:1983 - Ed.Ling.Originale:1983] | ||
| 300 | _a"448 p. (prefazione: no ; testo: 448)" | ||
| 500 | _aSuono voce e Parola Strumenti Musicali Suoni immagini Azione Tempo e ritmo Musicale Note Melodia Armonia forme e Tecniche Musicali Fare Musica Ascolto Musicale Musica Uomo e Società Canto Musica nella Storia istituzioni Musicali Generi Musicali musicisti Parole e Musica di Alcuni Canti Lettura Cantata | ||
| 650 | _aEDUCAZIONE ALLA MUSICA | ||
| 650 | _eCodice materia Spics: 7012 | ||
| 700 | _aTafuri JohannellaSpaccazocchi Maurizio | ||
| 700 | _gCodice Aut. SPICS: 555Codice Aut. SPICS: 643 | ||
| 942 | _cBK | ||
| 957 | _71 | ||
| 999 |
_c76471 _d76471 |
||
| 999 | _bSI | ||
| 999 | _g1 | ||